| 000 | 01009nam a2200241Ia 4500 | ||
|---|---|---|---|
| 003 | OSt | ||
| 005 | 20220923211910.0 | ||
| 006 | a|||||r|||| 00| 0 | ||
| 007 | ta | ||
| 008 | 220922b |||||||| |||| 00| 0 hin d | ||
| 024 | _a70,736 | ||
| 037 | _cTextual | ||
| 040 |
_aARTS _cARTS _bhin |
||
| 041 |
_2hin _ahin |
||
| 082 | _aR4xM73,E, 152L3 | ||
| 100 |
_aमूर, जॉर्ज एडवर्ड; वर्मा, अशोक कुमार, अनु; झा, हरिमोहन, सम्प _9161675 |
||
| 245 | 0 | _aनीति शास्त्र मीमांसा | |
| 246 | _aNīti shāstra mīmāansā | ||
| 260 |
_aपटना _b बिहार हिंदी ग्रंथ अकादमी _c1973 |
||
| 300 |
_a285पृ. _ccm. |
||
| 942 |
_hR4xM73,E, 152L3 _cTEXL _2CC |
||
| 999 |
_c304452 _d304452 |
||